|
|
|
|
| LEADER |
00000nab a2200000 a 4500 |
| 001 |
vtls000782136 |
| 003 |
SK-MaSNL |
| 005 |
20260303072554.0 |
| 008 |
131021c2001 xo 0 slo |
| 015 |
|
|
|a SNBRB2002/02-04388
|
| 035 |
|
|
|a CLN000133859
|
| 040 |
|
|
|a SNKBUCL
|b slo
|c SNKBUCL
|e AACR2
|
| 041 |
0 |
|
|a slo
|
| 044 |
|
|
|a xo
|c SK
|
| 080 |
|
|
|a 323.113(=854)(100)(082)(048)
|2 1997
|
| 100 |
1 |
|
|a Parenička, Pavol,
|d 1959-
|4 aut
|9 100367
|
| 245 |
1 |
0 |
|a Všetko o diaspóre
|c Pavol Parenička
|
| 650 |
0 |
7 |
|a Slováci v zahraničí
|x sprievodca
|x recenzie
|2 snkbucl
|9 845897
|
| 655 |
|
7 |
|a články z novín a časopisov
|2 snkbucl
|9 267496
|
| 773 |
0 |
|
|t Slovenské pohľady
|g Roč. 4+117, č. 12 (2001), s. 109-110
|
| 787 |
0 |
8 |
|i Rec.:
|a Bartalská, Ľubica, 1943-
|t Sprievodca slovenským zahraničím
|d Bratislava : Dom zahraničných Slovákov, 2001
|
| 850 |
|
|
|a Slovenská národná knižnica v Martine
|
| 852 |
|
|
|a SNK
|b KIS3GCP
|
| 958 |
|
|
|a SK
|
| 958 |
|
|
|a RC
|
| 992 |
|
|
|a RBX
|
| 999 |
|
|
|c 1763921
|d 1765851
|